Bạc và đệm lót

Đã lưu trong:
Sonraí Bibleagrafaíochta
Formáid: Sách
Teanga:Undetermined
Foilsithe:  Thanh Niên  2009
Ábhair:
Clibeanna: Cuir Clib Leis
Gan Chlibeanna, Bí ar an gcéad duine leis an taifead seo a chlibeáil!
Thư viện lưu trữ: Trung tâm Thư viện - Trường Đại học Công nghiệp TP. Hồ Chí Minh
LEADER 00398nam a2200133Ia 4500
001 UIH_06762
008 231011s9999 xx 000 0 und d
082 |a  669.23 
245 0 |a  Bạc và đệm lót 
260 |b  Thanh Niên 
260 |c  2009 
650 |a  Bạc (Kim loại);  
927 |a Sách 
980 |a Trung tâm Thư viện - Trường Đại học Công nghiệp TP. Hồ Chí Minh